000 00597nam a2200217Ia 4500
003 OSt
005 20250828140739.0
008 241004s9999 xx 000 0 und d
020 _a9789353886653
037 _aTextbook
040 _aARTS
_beng
_cARTS
041 _aeng
_2eng
084 _aW.273 R1
_qARTS
100 _aSantosh Singh Au.
_9724707
245 _aJP to BJP Bihar after Lalu and Nitish
_cSantosh Singh Au.
260 _aIndia
_bNew Delhi Vitasta
_c2021
300 _axxxi,302p.
365 _aINR
_b595
942 _cTB
_hW.273 R1
_2CC
_n0
999 _c1218859
_d1218859